Relleu Europa - Estadísticas

Estadísticas generales
  • Esta prueba ha sido intentada 21 veces
    14 desde el último reinicio
  • La puntuación promedio es 5 de 14
Estadísticas de respuestas
País/Païssos Respuesta % Correcto
Espanya/França Pirineus
100%
França/ Suïssa/Itàlia/Àustria/ Alps
75%
Itàlia Apenins
50%
Polónia/Eslovàquia/Ucranïa/Romania/ República Txeca Carpats
50%
Grècia/Romania/Bulgaria/Serbia/ Kosovo/Albània/ Montenegro/ Macedònia Balcans
38%
Russia Serralada dels Urals
38%
Azerbaidjan/IrànTurquia/Armenia/ Georgia/ Russia Caucas
25%
Georgia/Russia El'Brus
25%
França Massís Central
25%
Francia/Italia Mont Blanc
25%
Noruega Serralada Escandinava
25%
Croàcia/Eslovènia/Bosnia i Hercegovina Alps Dinàrics
13%
Alemania, Austria, Eslovaquia, Hungría, Croacia, Serbia, Bulgaria, Rumania, Moldavia y Ucrania Danubi
13%
Russia Volga
13%
No se encontraron pruebas coincidentes
Distribución de puntuación
Porcentaje de gente con cada puntuación
Porcentaje por número respondido
Historial de tus puntuaciones
No has intentado esta prueba desde el último reinicio